000 00623nam a22001937a 4500
999 _c11587
_d11587
003 AR-CdUCM
008 190404b ||||| |||| 00| 0 spa d
040 _aMUNICIPALIDAD PROVINCIAL DEL CUSCO
_cBIBLIOTECA MUNICIPAL DEL CUSCO
082 _aEP / 372.64 /
_bF56
245 _aEl flautista de hamelin :
_bEl osito felipin /
260 _aBilbao :
_bVasco Americana,
300 _a26 paginas ;
_bilustraciones, graficos, dibujos,
_c27 cm.
500 _aCuentos infantiles
650 _aCuentos
_9217
650 _aInfantiles
_917400
650 _aTexto educativo
_925832
942 _2ddc
_cLIBROS
945 _apjha
_d2019-04-04